Statistics for Marvel's Brotherhood of Evil Mutants

Click here to take the quiz!

General Stats

  • This quiz has been taken 42 times
  • The average score is 21 of 71

Answer Stats

Answer % Correct
Magneto
100%
Toad
97%
Mystique
97%
Sabre
85%
Pyro
82%
Quicksilver
82%
AoA Blob
79%
Blob
79%
Scarlet Witch
76%
Sabretooth
76%
Juggernaut
71%
Rogue
68%
Avalanche
62%
Mastermind
56%
Destiny
47%
Lady Deathstrike
41%
Psylocke
41%
Havok
38%
Lady Mastermind
32%
Unus the Untouchable
29%
Sauron
29%
Mimic
29%
Angel
29%
Spiral
26%
Omega Red
24%
Silver Samurai
24%
Phantazia
21%
Daken
21%
Black Tom Cassidy
21%
Selene
21%
X-Man
21%
Crimson Commando
21%
Exodus
21%
Xorn
18%
Nocturne
18%
Dark Beast
18%
Beak
18%
Madelyne Pryor
15%
Vanisher
15%
Aurora
15%
Skinless Man
15%
Omega White
15%
Mammomax
15%
Alpha the Ultimate Mutant
15%
Typhoid Mary
15%
Joseph
15%
Omega Black
15%
Basilisk
12%
Ernst
12%
Shadow King
12%
Fatale
12%
Random
12%
Enchantress
12%
Professor X
12%
Peeper
12%
Chimera
12%
Quill
12%
Masque
12%
No-Girl
9%
Empath
9%
Arkea
9%
Thornn
9%
Esme Cuckoo
9%
Burner
9%
Fever Pitch
9%
Shocker
9%
Lifter
9%
Slither
9%
Rust
3%
Lorolei
0%
Think Tank
0%

Score Distribution

Percentile by Number Answered

Percent of People with Each Score

Your Score History

You have not taken this quiz